000 00507nam a2200181Ia 4500
001 17135
005 20260306170402.0
008 260306t2021||||xx |||||||||||||| ||und||
041 _aESP
082 _a657.46
_bH46
100 _aHerrada Córdova, Marco
_eAUT
245 0 _aImpuesto a la renta de tercera categoría 2020:
_bcaso práctico integral /Declaración jurada 2020
260 _c2021
300 _avarias paginaciones :
_c24 cm.
650 _aGEN
654 _aCCO
942 _cLIB
_dJUS
_fJUS
_2ddc
_n
999 _c17135
_d17135